| 000 | 01419nam a2200433 c 4500 | ||
|---|---|---|---|
| 001 | 46781 | ||
| 003 | ES-MaCES | ||
| 005 | 20160530141915.0 | ||
| 008 | 151210s2015 sp 000 ||spa d | ||
| 017 |
_aM 27337-2015 _bDL |
||
| 020 | _a9788416383115 | ||
| 040 |
_aES-MaCES _bspa _cES-MaCES |
||
| 041 | 0 |
_aspa _aeng _aita |
|
| 245 | 0 | 0 |
_aConciliación de la vida laboral y familiar y crisis económica _b: estudios desde el Derecho internacional y comparado _cLourdes Mella Méndez (dir.) |
| 260 |
_aMadrid _bDelta _c[2015] |
||
| 300 |
_aXXVI, 609 p. _c24 cm |
||
| 500 | _aTextos en español, inglés e italiano | ||
| 504 | _aBibliografía | ||
| 541 | _cCompra | ||
| 650 | 4 |
_aconciliación _927303 |
|
| 650 | 4 |
_atrabajo _928289 |
|
| 650 | 4 |
_afamilia _927318 |
|
| 650 | 4 |
_aresponsabilidades familiares _930598 |
|
| 650 | 4 |
_acrisis económica _927102 |
|
| 650 | 4 |
_aflexibilidad del trabajo _930174 |
|
| 650 | 4 |
_aordenamiento del tiempo de trabajo _929205 |
|
| 650 | 4 |
_ateletrabajo _929568 |
|
| 650 | 4 |
_aderecho del trabajo _927165 |
|
| 650 | 4 |
_aderecho comparado _929868 |
|
| 650 | 4 |
_aEspaña _926964 |
|
| 650 | 4 |
_aReino Unido _926967 |
|
| 650 | 4 |
_aAlemania _926944 |
|
| 650 | 4 |
_926952 _aItalia |
|
| 650 | 4 |
_929894 _arégimen jurídico |
|
| 653 | 1 | 0 | _aDerecho del trabajo y Seguridad Social |
| 700 | 1 |
_918364 _aMella Méndez, Lourdes _edir. |
|
| 902 | _aLIB Libro | ||
| 942 |
_2CES _cBK _h6.0.10. |
||
| 999 |
_c46781 _d46781 |
||